| 000 | 00470nam a2200181Ia 4500 | ||
|---|---|---|---|
| 001 | 7715 | ||
| 005 | 20260306160515.0 | ||
| 008 | 260306t2012||||xx |||||||||||||| ||spa|| | ||
| 041 | _aESP | ||
| 082 |
_a354.4 _bO78 |
||
| 100 |
_aOrganismo Supervisor de la Inversión en Energía y Minería _eAUT |
||
| 245 | 0 | _aHistoria de una cátedra que ayuda a ordenar un a país | |
| 260 | _c2012 | ||
| 300 |
_a _c |
||
| 650 | _aGEN | ||
| 654 | _aCAN | ||
| 942 |
_cLIB _dJUS _fJUS _2ddc _n |
||
| 999 |
_c7715 _d7715 |
||